000
00285 a2200121 4500
005
20250628180654.0
020
_a
978-1-84710-983-5
100
_a
ACCA
245
_a
Accountant in Business
260
_a
Berkshire
_b
Kaplan Publishing
_c
2010
300
_a
x, 110p.:
_c
26cm
942
_2
ddc
_c
BKS
999
_c
6151
_d
6151